01023nam a2200301Ia 450000500170000000800390001702000180005610000310007424500510010525000190015630000550017549000160023050000250024650400270027152100290029865000410032765000420036865000380041065000330044865000340048174000460051526400260056133600270058733700330061433800280064704000350067508400110071020220317001017.0160825s2009 ck g 000 0 spa a97895804180121 aArturo, Aureliod1906-197410aMorada al surb y otros poemascAurelio Arturo a1a. edición  a86, 98 páginas (En paginación variada)c18 cm  aCara y cruz aIncluye cronología aIncluye bibliografía aRecomendado para adultos142LEMBaPoesía colombiana ySiglo XX142LEMBaLiteratura colombianaySiglo XX142LEMBaNaturaleza en la literatura142LEMBaNoche en la literatura142LEMB aAmor en la literatura  aA propósito de Aurelio Arturo y su obra aBogotábNormac2009 atextobtxt2rdacontent asin mediaciónbn2rdamedia avolumenbnc2rdacarrier aCO-BoRNBPbspaerdacCO-BoRNBP aP ART1